| 000 | 00742nam a2200205Ia 4500 | ||
|---|---|---|---|
| 003 | GCL | ||
| 008 | 140319s9999 xx 000 0 ara d | ||
| 040 |
_aGCL / _cGCL |
||
| 082 | 0 | 4 |
_a210.142 _bع ف |
| 100 | 1 | _aعادل التل | |
| 245 | 1 | 0 |
_aفكر جارودى بين المادية والاسلام نقد كتابات روجية جارودى فى ضوء الكتاب والسنة / _cعادل التل |
| 300 | _a163 ص | ||
| 490 |
_aنقد الفكر المادى التغييرى _v0 |
||
| 650 | 0 | 4 | _aالفلسفة الاسلامية |
| 650 | 0 | 4 | _aالديانات |
| 650 | 0 | 4 | _aالاسلام والفكر الفلسفى المادى |
| 650 | 0 | 4 | _aالكتب - نقد |
| 650 | 0 | 4 | _aجارودى, روجيه |
| 942 |
_2ddc _cBK |
||
| 999 |
_c52274 _d52274 |
||